[Event "London Mindsports IM-B"]
[Site "London"]
[Date "2023.02.17"]
[Round "5"]
[White "Oragwu, Chukwunonso"]
[Black "Buckley, Graeme N"]
[Result "1-0"]
[WhiteElo "2195"]
[BlackElo "2344"]
[PlyCount "113"]
[EventDate "2023.02.15"]
[EventType "tourn"]
[EventRounds "9"]
[EventCountry "ENG"]
[EventCategory "1"]
[SourceTitle "CBM 212 Extra"]
[Source "ChessBase"]
[SourceDate "2023.03.31"]
[SourceVersion "1"]
[SourceVersionDate "2023.03.31"]
[SourceQuality "1"]

1. e4 c5 2. Nf3 Nc6 3. Bb5 g6 4. 0-0 Bg7 5. Re1 e5 6. b3 Nge7 7. Bb2 0-0 8. a4 d6 9. h3 h6 10. Na3 f5 11. d3 Kh8 12. c3 Ng8 13. Nc2 Be6 14. b4 cxb4 15. cxb4 a5 16. bxa5 Nxa5 17. Nd2 Nf6 18. Ne3 Qb6 19. Bc3 Rad8 20. Rb1 Qa7 21. Qc2 Nc6 22. Bc4 Bc8 23. Qa2 Nh5 24. Nd5 g5 25. Qc2 g4 26. Nb6 gxh3 27. Qd1 Nf4 28. g3 Ng2 29. Rf1 f4 30. g4 f3 31. Nxc8 Rxc8 32. Nxf3 Rf4 33. Be6 Rcf8 34. Bf5 h5 35. Bd2 Rg8 36. Bxf4 Nxf4 37. Ng5 Bf6 38. Nf7+ Kg7 39. Nxd6 Qd4 40. Rxb7+ Ne7 41. Rd7 Qb2 42. Kh2 Qa2 43. gxh5 Kh6 44. Bg6 Qe6 45. Rxe7 Bxe7 46. Nf5+ Kg5 47. Qf3 Kf6 48. Rg1 Qa2 49. d4 Bb4 50. Ne3 Ke6 51. dxe5 Rf8 52. Bf5+ Rxf5 53. exf5+ Kxe5 54. Ng4+ Kxf5 55. Ne3+ Ke6 56. Qxf4 Bd6 57. Rg6+ 1-0

[Event "NGR-ch"]
[Site "Lagos"]
[Date "2021.11.14"]
[Round "9"]
[White "Anwuli, Daniel"]
[Black "Oragwu, Chukwunonso"]
[Result "1/2-1/2"]
[WhiteElo "2330"]
[BlackElo "2232"]
[PlyCount "87"]
[EventDate "2021.11.09"]
[EventType "tourn"]
[EventRounds "9"]
[EventCountry "NGR"]
[EventCategory "1"]
[SourceTitle "CBM 205 Extra"]
[Source "ChessBase"]
[SourceDate "2022.01.31"]
[SourceVersion "1"]
[SourceVersionDate "2022.01.31"]
[SourceQuality "1"]

1. c4 Nf6 2. Nc3 g6 3. g3 Bg7 4. Bg2 0-0 5. e4 d6 6. Nge2 c5 7. 0-0 Nc6 8. d3 Ne8 9. Be3 Nc7 10. d4 cxd4 11. Nxd4 Ne5 12. b3 Ne6 13. h3 a5 14. Nxe6 fxe6 15. Rc1 Nc6 16. c5 dxc5 17. Bxc5 Nd4 18. h4 b6 19. Ba3 Ba6 20. Re1 Rc8 21. Bb2 Ne2+ 22. Nxe2 Qxd1 23. Rcxd1 Bxb2 24. Bh3 Rc6 25. Rd2 Bg7 26. Red1 Bxe2 27. Rxe2 Rf3 28. Bg2 Rfc3 29. Bh3 Kf7 30. Bg2 Rc1 31. Rxc1 Rxc1+ 32. Bf1 Bd4 33. Kg2 e5 34. Rd2 Rb1 35. Bc4+ Kf6 36. a4 Rb2 37. Rxb2 Bxb2 38. Bg8 h6 39. Bc4 Bc1 40. Kf3 Bb2 41. Kg2 Bc1 42. Kf3 Bb2 43. Kg2 Bc1 44. Kf3 1/2-1/2

[Event "NGR-ch"]
[Site "Lagos"]
[Date "2021.11.11"]
[Round "6"]
[White "Oragwu, Chukwunonso"]
[Black "Ajibola, Olanrewaju"]
[Result "1-0"]
[WhiteElo "2232"]
[BlackElo "2297"]
[PlyCount "51"]
[EventDate "2021.11.09"]
[EventType "tourn"]
[EventRounds "9"]
[EventCountry "NGR"]
[EventCategory "1"]
[SourceTitle "CBM 205 Extra"]
[Source "ChessBase"]
[SourceDate "2022.01.31"]
[SourceVersion "1"]
[SourceVersionDate "2022.01.31"]
[SourceQuality "1"]

1. e4 b6 2. d4 Bb7 3. Bd3 e6 4. Nf3 g6 5. Bg5 f6 6. Be3 Bg7 7. Qd2 Nc6 8. h4 Qe7 9. a3 f5 10. Nc3 0-0-0 11. 0-0-0 d5 12. Bg5 Bf6 13. exd5 exd5 14. Rde1 Qf7 15. h5 Nge7 16. Bf4 a6 17. Qe2 b5 18. a4 b4 19. Nb1 Rhe8 20. Bxa6 Bxd4 21. Qb5 Bb6 22. Ng5 Qf6 23. Ne6 Nd4 24. Bxb7+ Kxb7 25. Nc5+ Kb8 26. Qxe8 1-0

[Event "World Amateur-ch U2300"]
[Site "Rhodes"]
[Date "2021.10.21"]
[Round "5"]
[White "Oragwu, Chukwunonso"]
[Black "Samaridis, Konstantinos"]
[Result "1-0"]
[WhiteElo "2255"]
[BlackElo "2073"]
[PlyCount "87"]
[EventDate "2021.10.17"]
[EventType "swiss"]
[EventRounds "9"]
[EventCountry "GRE"]
[SourceTitle "EXT 2023"]
[Source "ChessBase"]
[SourceDate "2022.10.05"]
[SourceVersion "1"]
[SourceVersionDate "2022.10.05"]
[SourceQuality "1"]

1. e4 e5 2. Nf3 Nc6 3. Bc4 Bc5 4. c3 Nf6 5. d3 a6 6. Bb3 Ba7 7. h3 d6 8. Nbd2 0-0 9. Nf1 d5 10. Qe2 Qd6 11. Ng3 Bd7 12. exd5 Na5 13. Ne4 Nxe4 14. dxe4 Nxb3 15. axb3 f5 16. exf5 Rxf5 17. Qe4 c6 18. dxc6 Qxc6 19. Qe2 Be6 20. Be3 Bxe3 21. Qxe3 Raf8 22. c4 Rxf3 23. gxf3 Rxf3 24. Qe2 Rxb3 25. Rg1 e4 26. Rd1 Rxh3 27. Rd8+ Kf7 28. Qd2 g6 29. Qb4 Kf6 30. Qf8+ Ke5 31. Rg5+ Bf5 32. Rd5+ Qxd5 33. cxd5 Rd3 34. Qb8+ Kf6 35. Rg3 Rxd5 36. Qxb7 Rd6 37. Qxh7 Ke5 38. Qe7+ Re6 39. Qc5+ Kf6 40. Qd4+ Ke7 41. Rb3 Rd6 42. Qe5+ Kd7 43. Rb7+ Kc6 44. Rb6+ 1-0

[Event "Titled Tuesday intern op 05th Oct"]
[Site "Chess.com INT"]
[Date "2021.10.05"]
[Round "1"]
[White "Carnicelli, Valerio"]
[Black "Oragwu, Chukwunonso"]
[Result "1-0"]
[WhiteElo "2317"]
[BlackElo "2255"]
[PlyCount "71"]
[EventDate "2021.10.05"]
[EventType "swiss (blitz)"]
[EventRounds "11"]
[EventCountry "USA"]
[SourceTitle "CBM 204 Extra"]
[Source "ChessBase"]
[SourceDate "2021.11.30"]
[SourceVersion "1"]
[SourceVersionDate "2021.11.30"]
[SourceQuality "1"]

1. d4 Nf6 2. Nf3 e6 3. c4 Bb4+ 4. Bd2 Qe7 5. g3 b6 6. Bg2 Bb7 7. 0-0 0-0 8. Nc3 Bxc3 9. Bxc3 Ne4 10. Qc2 d6 11. Nd2 Nxd2 12. Bxb7 Nxf1 13. Rxf1 Nd7 14. Bxa8 Rxa8 15. e4 e5 16. d5 a5 17. b3 g6 18. Bd2 Nc5 19. Be3 Rf8 20. Bxc5 dxc5 21. f4 f5 22. fxe5 Qxe5 23. exf5 Rxf5 24. Rxf5 gxf5 25. Kg2 Kg7 26. Kh3 Kf6 27. Qd2 Kg6 28. Qc1 Qd4 29. Qe1 Qg4+ 30. Kg2 Qe4+ 31. Qxe4 fxe4 32. Kf2 Kf5 33. Ke3 h5 34. h3 Ke5 35. g4 h4 36. a4 1-0

[Event "Titled Tuesday intern op 23rd Feb"]
[Site "Chess.com INT"]
[Date "2021.02.23"]
[Round "8"]
[White "Oragwu, Chukwunonso"]
[Black "Koellner, Ruben Gideon"]
[Result "0-1"]
[WhiteElo "2241"]
[BlackElo "2412"]
[PlyCount "100"]
[EventDate "2021.02.23"]
[EventType "swiss (blitz)"]
[EventRounds "11"]
[EventCountry "USA"]
[SourceTitle "CBM 200 Extra"]
[Source "ChessBase"]
[SourceDate "2021.03.31"]
[SourceVersion "1"]
[SourceVersionDate "2021.03.31"]
[SourceQuality "1"]

1. e4 d6 2. d4 Nf6 3. Bd3 e5 4. c3 Nbd7 5. Nf3 d5 6. Nbd2 dxe4 7. Nxe4 Nxe4 8. Bxe4 exd4 9. Nxd4 Nf6 10. Bc2 Be7 11. 0-0 0-0 12. h3 c6 13. Re1 Bc5 14. Nb3 Bb6 15. Bg5 Qxd1 16. Raxd1 Nd5 17. Be4 Be6 18. Nd4 Bxd4 19. Rxd4 h6 20. Bc1 Rfe8 21. Red1 Nf6 22. Bb1 Re7 23. Bf4 Rae8 24. Kf1 Bd5 25. c4 Be4 26. Be3 Bxb1 27. Rxb1 Re4 28. Rbd1 Rxd4 29. Rxd4 a6 30. b3 Re7 31. Rd8+ Kh7 32. Bc5 Rd7 33. Rxd7 Nxd7 34. Bd4 Kg6 35. Ke2 f6 36. Kd3 Kf5 37. Ke3 h5 38. f3 b5 39. cxb5 cxb5 40. g4+ hxg4 41. hxg4+ Ke6 42. f4 Kd5 43. Kd3 g6 44. a3 f5 45. gxf5 gxf5 46. Ke3 Nf8 47. Kd3 Ne6 48. Be3 Ng7 49. Bd4 Nh5 50. Ke2 Kxd4 0-1

[Event "Titled Tuesday intern op 16th Feb"]
[Site "Chess.com INT"]
[Date "2021.02.16"]
[Round "6"]
[White "Oragwu, Chukwunonso"]
[Black "Buker, Muhittin"]
[Result "0-1"]
[WhiteElo "2241"]
[BlackElo "1996"]
[PlyCount "82"]
[EventDate "2021.02.16"]
[EventType "swiss (blitz)"]
[EventRounds "11"]
[EventCountry "USA"]
[SourceTitle "EXT 2022"]
[Source "ChessBase"]
[SourceDate "2021.10.06"]
[SourceVersion "1"]
[SourceVersionDate "2021.10.06"]
[SourceQuality "1"]

1. e4 e5 2. Nf3 Nc6 3. Bb5 a6 4. Ba4 Nf6 5. d3 b5 6. Bb3 Be7 7. 0-0 0-0 8. c3 d6 9. h3 Na5 10. Bc2 c5 11. Re1 Nc6 12. Nbd2 a5 13. a4 b4 14. Nc4 Ba6 15. Ne3 d5 16. Nf5 bxc3 17. bxc3 d4 18. Bd2 Re8 19. Rb1 Qc7 20. cxd4 cxd4 21. Rc1 Qb6 22. Bg5 Bd8 23. Bb3 Nb4 24. Bc4 Rc8 25. Qb3 Bxc4 26. Rxc4 Rxc4 27. Qxc4 Qa6 28. Qb5 Qxb5 29. axb5 Nxd3 30. Rb1 Nxe4 31. Bxd8 Rxd8 32. b6 Nc3 33. Rb3 a4 34. Ra3 Rb8 35. Ne7+ Kf8 36. Nc6 Rxb6 37. Nfxe5 Nxe5 38. Nxe5 Rb3 39. Ra1 a3 40. Nc4 a2 41. Nd2 Rb2 0-1

[Event "Titled Tuesday intern op 12th Jan"]
[Site "Chess.com INT"]
[Date "2021.01.12"]
[Round "7"]
[White "Gonzalez, Francisco Silva"]
[Black "Oragwu, Chukwunonso"]
[Result "0-1"]
[WhiteElo "2049"]
[BlackElo "2241"]
[PlyCount "92"]
[EventDate "2021.01.12"]
[EventType "swiss (blitz)"]
[EventRounds "11"]
[EventCountry "USA"]
[SourceTitle "CBM 200 Extra"]
[Source "ChessBase"]
[SourceDate "2021.03.31"]
[SourceVersion "1"]
[SourceVersionDate "2021.03.31"]
[SourceQuality "1"]

1. d4 Nf6 2. c4 g6 3. Nc3 Bg7 4. e4 d6 5. f3 0-0 6. Be3 Nc6 7. Nge2 a6 8. Rc1 Bd7 9. Qd2 b5 10. Ng3 bxc4 11. Bxc4 e5 12. Nce2 exd4 13. Nxd4 Ne5 14. Be2 c5 15. Nb3 Bb5 16. 0-0 Qe7 17. Rfe1 Rfd8 18. Qc2 Bxe2 19. Qxe2 c4 20. Rxc4 Nxc4 21. Qxc4 Rdc8 22. Qd3 Qe6 23. Rd1 d5 24. Nc5 Qe7 25. Nxa6 dxe4 26. fxe4 Rd8 27. Qc2 Rxd1+ 28. Qxd1 Rxa6 29. Qb3 Ra8 30. Qc4 Ng4 31. Bd4 Bxd4+ 32. Qxd4 Rxa2 33. h3 Ra1+ 34. Nf1 Qf6 35. Qxf6 Nxf6 36. e5 Ne4 37. e6 fxe6 38. b4 Nd2 39. b5 Nxf1 40. b6 Ng3+ 41. Kf2 Nf5 42. g4 Ne7 43. h4 Rb1 44. h5 Rxb6 45. g5 gxh5 46. g6 hxg6 0-1

[Event "Titled Tuesday intern op 12th Jan"]
[Site "Chess.com INT"]
[Date "2021.01.12"]
[Round "1"]
[White "Oragwu, Chukwunonso"]
[Black "Maltsevskaya, Aleksandra"]
[Result "1-0"]
[WhiteElo "2241"]
[BlackElo "2327"]
[PlyCount "67"]
[EventDate "2021.01.12"]
[EventType "swiss (blitz)"]
[EventRounds "11"]
[EventCountry "USA"]
[SourceTitle "CBM 200 Extra"]
[Source "ChessBase"]
[SourceDate "2021.03.31"]
[SourceVersion "1"]
[SourceVersionDate "2021.03.31"]
[SourceQuality "1"]

1. e4 c6 2. d4 d5 3. Nd2 dxe4 4. Nxe4 Bf5 5. Ng3 Bg6 6. h4 h6 7. Nf3 Nd7 8. h5 Bh7 9. Bd3 Bxd3 10. Qxd3 e6 11. Bf4 Ngf6 12. 0-0-0 b5 13. Ne4 Nd5 14. Nd6+ Bxd6 15. Bxd6 N7b6 16. Bc5 Na4 17. Qa3 a5 18. Ne5 Qc7 19. Bd6 Qb7 20. c4 bxc4 21. Qxa4 Ra6 22. Qxc4 Rb6 23. Ba3 f6 24. Ng6 Rg8 25. Rhe1 Kf7 26. f4 Rb8 27. Rd2 Qd7 28. f5 exf5 29. Re7+ Qxe7 30. Nxe7 Ke6 31. Re2+ Kd7 32. Nxd5 cxd5 33. Re7+ Kd8 34. Qc7# 1-0

[Event "Titled Tuesday intern op 12th Jan"]
[Site "Chess.com INT"]
[Date "2021.01.12"]
[Round "11"]
[White "Oragwu, Chukwunonso"]
[Black "Poliannikov, Danila"]
[Result "0-1"]
[WhiteElo "2241"]
[BlackElo "2227"]
[PlyCount "70"]
[EventDate "2021.01.12"]
[EventType "swiss (blitz)"]
[EventRounds "11"]
[EventCountry "USA"]
[SourceTitle "CBM 200 Extra"]
[Source "ChessBase"]
[SourceDate "2021.03.31"]
[SourceVersion "1"]
[SourceVersionDate "2021.03.31"]
[SourceQuality "1"]

1. e4 e5 2. Nf3 Nc6 3. Bb5 a6 4. Ba4 Nf6 5. Qe2 b5 6. Bb3 Bc5 7. c3 0-0 8. 0-0 d6 9. h3 Be6 10. Bc2 d5 11. exd5 Qxd5 12. Bb3 Qd6 13. Bxe6 Qxe6 14. d3 Rfe8 15. Nbd2 Rad8 16. Ne4 Nxe4 17. dxe4 f6 18. Be3 Bb6 19. Bxb6 cxb6 20. a4 Qc4 21. Qe3 bxa4 22. Qxb6 Rb8 23. Qc7 Rxb2 24. Rfd1 Re7 25. Rd8+ Kf7 26. Qc8 g6 27. Rf8+ Kg7 28. Rg8+ Qxg8 29. Qxc6 Qe6 30. Qxa4 Qb6 31. Rf1 Rc7 32. Qa3 Rb3 33. Qa1 Rbxc3 34. h4 h5 35. Rb1 Qxb1+ 0-1

[Event "Titled Tuesday intern op 12th Jan"]
[Site "Chess.com INT"]
[Date "2021.01.12"]
[Round "3"]
[White "Shuvalov, Evgenij"]
[Black "Oragwu, Chukwunonso"]
[Result "0-1"]
[WhiteElo "2182"]
[BlackElo "2241"]
[PlyCount "68"]
[EventDate "2021.01.12"]
[EventType "swiss (blitz)"]
[EventRounds "11"]
[EventCountry "USA"]
[SourceTitle "CBM 200 Extra"]
[Source "ChessBase"]
[SourceDate "2021.03.31"]
[SourceVersion "1"]
[SourceVersionDate "2021.03.31"]
[SourceQuality "1"]

1. b4 f6 2. e4 g6 3. h4 Bg7 4. h5 e5 5. Bc4 Ne7 6. Nc3 c6 7. d4 d5 8. Bb3 Be6 9. Nf3 Bg4 10. h6 Bf8 11. dxe5 fxe5 12. exd5 Nf5 13. a3 Nd4 14. Nh4 Bxd1 15. Nxd1 cxd5 16. Ne3 Nxb3 17. cxb3 Be7 18. Nf3 e4 19. Nd4 Bf6 20. Bb2 Nc6 21. Ne6 Bxb2 22. Nxd8 Bxa1 23. Nxc6 bxc6 24. Ke2 Bd4 25. Rc1 Bxe3 26. Kxe3 Kd7 27. f3 Rae8 28. Kd4 e3 29. Kd3 e2 30. Kd2 Re6 31. Ke1 g5 32. Rc2 Rhe8 33. Rc5 Rxh6 34. Rxd5+ cxd5 0-1

[Event "Titled Tuesday intern op 15st Dec"]
[Site "Chess.com INT"]
[Date "2020.12.15"]
[Round "3"]
[White "Oragwu, Chukwunonso"]
[Black "Gaboyan, Susanna"]
[Result "0-1"]
[WhiteElo "2241"]
[BlackElo "2211"]
[PlyCount "78"]
[EventDate "2020.12.15"]
[EventType "swiss (blitz)"]
[EventRounds "11"]
[EventCountry "USA"]
[SourceTitle "CBM 199 Extra"]
[Source "ChessBase"]
[SourceDate "2021.01.31"]
[SourceVersion "1"]
[SourceVersionDate "2021.01.31"]
[SourceQuality "1"]

1. e4 c5 2. Nf3 Nc6 3. d4 cxd4 4. Nxd4 Nf6 5. Nc3 e5 6. Ndb5 d6 7. Bg5 a6 8. Bxf6 gxf6 9. Na3 b5 10. Nd5 f5 11. g3 fxe4 12. Bg2 Bg7 13. 0-0 0-0 14. Bxe4 f5 15. Bg2 e4 16. c3 Ne5 17. Nf4 Kh8 18. Qd5 Ra7 19. Rad1 Re7 20. Nc2 Bb7 21. Qb3 Nc4 22. Nd4 Qe8 23. a4 e3 24. axb5 Bxg2 25. Kxg2 Nd2 26. Rxd2 exd2 27. Rd1 Qa8+ 28. Nf3 Re1 29. Rxd2 axb5 30. Qxb5 Rfe8 31. Qxf5 R1e5 32. Qg4 Rf8 33. Rxd6 Re7 34. h4 Ref7 35. h5 Be5 36. Rd7 Bxf4 37. gxf4 Rg8 38. Qxg8+ Qxg8+ 39. Ng5 Rxd7 0-1

[Event "Titled Tuesday intern op 15st Dec"]
[Site "Chess.com INT"]
[Date "2020.12.15"]
[Round "9"]
[White "Oragwu, Chukwunonso"]
[Black "Nastore, Pavel Alexandru"]
[Result "0-1"]
[WhiteElo "2241"]
[BlackElo "2234"]
[PlyCount "70"]
[EventDate "2020.12.15"]
[EventType "swiss (blitz)"]
[EventRounds "11"]
[EventCountry "USA"]
[SourceTitle "CBM 199 Extra"]
[Source "ChessBase"]
[SourceDate "2021.01.31"]
[SourceVersion "1"]
[SourceVersionDate "2021.01.31"]
[SourceQuality "1"]

1. e4 c5 2. Nf3 d6 3. d4 cxd4 4. Nxd4 Nf6 5. Nc3 a6 6. Bg5 Nbd7 7. g3 h6 8. Be3 Nc5 9. Bg2 e5 10. Nde2 Be6 11. h3 Be7 12. 0-0 0-0 13. f4 Qc7 14. f5 Bd7 15. g4 b5 16. a3 Bc6 17. Ng3 Rfd8 18. Qd2 Qb7 19. Nd5 Bxd5 20. exd5 Rac8 21. Rad1 Ncd7 22. Qe2 Nb6 23. Kh1 Nc4 24. Bc1 Rc7 25. h4 Nd7 26. g5 hxg5 27. hxg5 f6 28. Ne4 Nc5 29. Nxc5 Rxc5 30. g6 Kf8 31. b3 Nb6 32. Be3 Rc7 33. Qh5 Ke8 34. Qh8+ Bf8 35. Qxg7 Bxg7 0-1

[Event "Titled Tuesday intern op 01st Dec"]
[Site "Chess.com INT"]
[Date "2020.12.01"]
[Round "3"]
[White "Daianu, Cristian Clement"]
[Black "Oragwu, Chukwunonso"]
[Result "1/2-1/2"]
[WhiteElo "2218"]
[BlackElo "2241"]
[PlyCount "118"]
[EventDate "2020.12.01"]
[EventType "swiss (blitz)"]
[EventRounds "11"]
[EventCountry "USA"]
[SourceTitle "CBM 199 Extra"]
[Source "ChessBase"]
[SourceDate "2021.01.31"]
[SourceVersion "1"]
[SourceVersionDate "2021.01.31"]
[SourceQuality "1"]

1. e4 d5 2. exd5 Qxd5 3. Nf3 g6 4. d4 Bg7 5. Be3 Nh6 6. Be2 Nf5 7. c4 Qd8 8. 0-0 0-0 9. Nc3 b6 10. Ne5 Bxe5 11. dxe5 Qxd1 12. Raxd1 Nxe3 13. fxe3 Nd7 14. Bf3 Rb8 15. Nd5 Nxe5 16. Nxe7+ Kg7 17. Nc6 Nxc6 18. Bxc6 Be6 19. Bd5 Bxd5 20. cxd5 Rfe8 21. Kf2 Rbd8 22. Rd3 Rd6 23. Rc1 Re7 24. Ke2 f5 25. Rdc3 Rdd7 26. g3 Kf6 27. Rd1 Ke5 28. Rxc7 Rxc7 29. d6 Red7 30. dxc7 Rxc7 31. Rd2 a5 32. Kf3 g5 33. h3 h5 34. g4 fxg4+ 35. hxg4 Rf7+ 36. Kg3 h4+ 37. Kg2 Ke4 38. Rd6 Kxe3 39. Rxb6 Rf4 40. Kh3 Rf3+ 41. Kh2 Rf2+ 42. Kh3 Rf3+ 43. Kh2 Rg3 44. Rb3+ Kf2 45. Rb5 Rxg4 46. Rf5+ Ke3 47. Rxa5 Rb4 48. b3 g4 49. Rh5 h3 50. Kg3 Rd4 51. a4 Rb4 52. Re5+ Kd4 53. Rh5 Rxb3+ 54. Kxg4 Ra3 55. a5 Ra4 56. Kg3 Kc4 57. Kxh3 Kb4 58. Rh4+ Kxa5 59. Rxa4+ Kxa4 1/2-1/2

[Event "Titled Tuesday intern op 15th Sept"]
[Site "Chess.com INT"]
[Date "2020.09.15"]
[Round "4"]
[White "Steil Antoni, Fiona"]
[Black "Oragwu, Chukwunonso"]
[Result "1-0"]
[WhiteElo "2129"]
[BlackElo "2241"]
[PlyCount "77"]
[EventDate "2020.09.15"]
[EventType "swiss (blitz)"]
[EventRounds "10"]
[EventCountry "USA"]
[SourceTitle "CBM 198 Extra"]
[Source "ChessBase"]
[SourceDate "2020.11.30"]
[SourceVersion "1"]
[SourceVersionDate "2020.11.30"]
[SourceQuality "1"]

1. e4 c5 2. Nc3 Nc6 3. f4 g6 4. Nf3 Bg7 5. Bb5 Nd4 6. 0-0 Nxb5 7. Nxb5 a6 8. Nc3 Nh6 9. d3 0-0 10. Qe1 f5 11. e5 e6 12. Kh1 b5 13. Be3 Qc7 14. h3 Bb7 15. Qf2 Rac8 16. Rad1 Nf7 17. a4 b4 18. Nb1 d6 19. exd6 Qxd6 20. Nfd2 Qc6 21. Nc4 e5 22. Nbd2 Ba8 23. b3 Rfe8 24. Nf3 exf4 25. Bxf4 h6 26. Rfe1 g5 27. Bh2 f4 28. Bg1 h5 29. Rxe8+ Qxe8 30. Re1 Qd7 31. Qe2 g4 32. hxg4 hxg4 33. Nfe5 Nxe5 34. Nxe5 Bxe5 35. Qxe5 Qh7+ 36. Bh2 g3 37. Qe6+ Kg7 38. Qd7+ Kg6 39. Re6+ 1-0

[Event "Titled Tuesday intern op 9th June"]
[Site "Chess.com INT"]
[Date "2020.06.09"]
[Round "4"]
[White "Oragwu, Chukwunonso"]
[Black "Grot, Blazej"]
[Result "1-0"]
[WhiteElo "2241"]
[BlackElo "1768"]
[PlyCount "67"]
[EventDate "2020.06.09"]
[EventType "swiss (blitz)"]
[EventRounds "10"]
[EventCountry "USA"]
[SourceTitle "CBM 196 Extra"]
[Source "ChessBase"]
[SourceDate "2020.07.31"]
[SourceVersion "1"]
[SourceVersionDate "2020.07.31"]
[SourceQuality "1"]

1. e4 c5 2. Nf3 e6 3. d4 cxd4 4. Nxd4 Nf6 5. Nc3 d6 6. Bd3 Be7 7. 0-0 0-0 8. Kh1 a6 9. f4 Nc6 10. Be3 Bd7 11. Qf3 Nxd4 12. Bxd4 Bc6 13. Qh3 g6 14. Rad1 Nh5 15. g4 Nxf4 16. Rxf4 e5 17. Bxe5 dxe5 18. Rff1 Bf6 19. Bxa6 Qe7 20. Bc4 Bg7 21. Nd5 Qc5 22. Bb3 Ba4 23. g5 Bxb3 24. Qxb3 b5 25. Nf6+ Bxf6 26. gxf6 Qc4 27. Qe3 Rxa2 28. Rfe1 Qe6 29. Rf1 Qc4 30. Rde1 Kh8 31. Qh6 Rg8 32. Rf3 Qb4 33. Qxh7+ Kxh7 34. Rh3# 1-0

[Event "Titled Tuesday intern op 6th June"]
[Site "Chess.com INT"]
[Date "2020.06.02"]
[Round "9"]
[White "Mickiewicz, Piotr"]
[Black "Oragwu, Chukwunonso"]
[Result "1-0"]
[WhiteElo "2186"]
[BlackElo "2241"]
[PlyCount "107"]
[EventDate "2020.06.02"]
[EventType "swiss (blitz)"]
[EventRounds "10"]
[EventCountry "USA"]
[SourceTitle "CBM 196 Extra"]
[Source "ChessBase"]
[SourceDate "2020.07.31"]
[SourceVersion "1"]
[SourceVersionDate "2020.07.31"]
[SourceQuality "1"]

1. Nf3 Nf6 2. g3 g6 3. Bg2 Bg7 4. 0-0 0-0 5. c4 d6 6. d3 c5 7. Nc3 Nc6 8. Rb1 a6 9. a3 Rb8 10. b4 cxb4 11. axb4 b5 12. cxb5 axb5 13. e4 Bg4 14. Be3 Nd7 15. d4 e5 16. d5 Ne7 17. Qd3 f5 18. Ng5 f4 19. Bd2 Qb6 20. h3 h6 21. Ne6 Bxe6 22. dxe6 Nf6 23. gxf4 Nh5 24. fxe5 dxe5 25. Nd5 Qxe6 26. Bf3 Nf4 27. Bg4 Qxg4+ 28. hxg4 Nxd3 29. Nxe7+ Kf7 30. Nd5 g5 31. Rfd1 Nf4 32. Be3 Rfc8 33. Nxf4 exf4 34. Rd7+ Kg8 35. Bc5 Re8 36. f3 Red8 37. Rbd1 Rxd7 38. Rxd7 Bf6 39. Kf1 Bg7 40. Ke2 Bf6 41. Kd3 Rd8 42. Rxd8+ Bxd8 43. Kd4 Kf7 44. Kd5 Be7 45. Bxe7 Kxe7 46. Ke5 Kf7 47. Kf5 Ke7 48. e5 Kf7 49. e6+ Kg7 50. Ke5 Kf8 51. Kf6 h5 52. gxh5 g4 53. h6 g3 54. h7 1-0

[Event "Titled Tuesday intern op 6th June"]
[Site "Chess.com INT"]
[Date "2020.06.02"]
[Round "1"]
[White "Oragwu, Chukwunonso"]
[Black "Munkhzul, Turmunkh"]
[Result "0-1"]
[WhiteElo "2241"]
[BlackElo "2278"]
[PlyCount "58"]
[EventDate "2020.06.02"]
[EventType "swiss (blitz)"]
[EventRounds "10"]
[EventCountry "USA"]
[SourceTitle "CBM 196 Extra"]
[Source "ChessBase"]
[SourceDate "2020.07.31"]
[SourceVersion "1"]
[SourceVersionDate "2020.07.31"]
[SourceQuality "1"]

1. e4 c5 2. Nf3 d6 3. d4 cxd4 4. Nxd4 Nf6 5. Nc3 a6 6. Bg5 e6 7. f4 Qb6 8. Nb3 Be7 9. Qf3 Nbd7 10. 0-0-0 Qc7 11. g4 b5 12. a3 Bb7 13. Bg2 Rc8 14. Rhe1 h6 15. Bxf6 Bxf6 16. Rd3 0-0 17. Qd1 Nc5 18. Nxc5 dxc5 19. Rd7 Qxf4+ 20. Kb1 Rfd8 21. Rf1 Qb8 22. Rxd8+ Rxd8 23. Qe1 Qe5 24. h4 b4 25. axb4 cxb4 26. Na4 Bc6 27. Rxf6 gxf6 28. Qxb4 Rb8 29. Qc3 Bxa4 0-1